[Event "Faxe EMT"]
[Site "Faxe"]
[Date "2001.03.28"]
[Round "2"]
[White "Liebermann, Alexander"]
[Black "Karstensen, Preben"]
[Result "1-0"]
[WhiteElo "1951"]
[BlackElo "1647"]
[PlyCount "75"]
[EventDate "2001.03.21"]
[EventType "swiss"]
[EventRounds "7"]
[EventCountry "DEN"]
[SourceTitle "EXT 2023"]
[Source "ChessBase"]
[SourceDate "2022.10.05"]
[SourceVersion "1"]
[SourceVersionDate "2022.10.05"]
[SourceQuality "1"]

1. e4 e5 2. Nf3 d6 3. Bc4 Be6 4. Qe2 Nc6 5. c3 Bg4 6. d3 h6 7. Be3 a6 8. a4 Nf6 9. h3 Bxf3 10. Qxf3 Ne7 11. d4 Ng6 12. g3 c6 13. Nd2 d5 14. Bd3 Bd6 15. 0-0 Qd7 16. Kg2 0-0 17. a5 exd4 18. cxd4 dxe4 19. Nxe4 Nxe4 20. Qxe4 f5 21. Bc4+ Kh8 22. Qd3 Rae8 23. Bd2 Ne7 24. Bb3 f4 25. Bc2 f3+ 26. Kh2 Qf5 27. Qc3 Qh5 28. Rae1 Nd5 29. Qd3 Nf6 30. Rxe8 Rxe8 31. Rh1 Nd5 32. Re1 Nf6 33. Rxe8+ Qxe8 34. Qxf3 Qg8 35. Qf5 Nd5 36. Qg6 Be7 37. Bxh6 Bf6 38. Be3 1-0